African Countries by Letter - Statistics

General Stats
  • This quiz has been taken 571 times
    532 since last reset
  • The average score is 14 of 15
Answer Stats
Hint Answer % Correct
A Algeria, Angola
99%
C Cape Verde, Cameroon, Chad etc.
98%
E Egypt, Eritrea, Ethiopia, etc.
97%
G Gabon, Guinea, Ghana, etc.
97%
B Benin. Botswana, Burundi etc.
96%
M Madagascar, Malawi, Morocco etc.
96%
N Namibia, Niger, Nigeria
96%
S Sudan, Senegal, Somalia etc.
96%
R Rwanda, Republic of the Congo
95%
Z Zambia, Zimbabwe
95%
L Lesotho, Liberia, Libya
94%
D Djibouti, DRC
93%
T Tanzania, Togo, Tunisia
93%
U Uganda
93%
K Kenya
91%
No matching quizzes found
Score Distribution
Percent of People with Each Score
Percentile by Number Answered
Your Score History
You have not taken this quiz since the last reset